000 01001nam a2200313 i 4500
001 0087667
003 DO-SdBPM
005 20250204094541.0
007 0087667
008 901120s 1989 ck a spa
020 _a9580407479
035 _a
040 _aDO-SdBPM
_bspa
_cBPMSU
_e
082 4 _aCo863.44
_bS15p 2004
_222
100 1 _aSánchez Juliao, David,
_d 1945-2011
245 1 3 _a El país más hermoso del mundo /
_c David Sánchez Juliao ; ilustraciones de Juan Carlos Nicholls.
_h
_b
260 _aBarcelona :
_bEditorial Norma,
_c2004
_f
300 _a144 p. :
_bil. ;
_c20 cm.
490 0 _aTorre de Papel,
_v1
500 _aPara niños a partir de los 7 años.
505 0 _a
521 _aA partir de los 7 años.
590 _aInventariado, 2025/VM
650 4 _aCuentos infantiles colombianos.
650 4 _aLiteratura infantil colombiana
700 1 _aNicholls, Juan Carlos,
_eilustración
_d
910 _aVMateo V. Control de calidad. BPMSU
942 _2ddc
_cBK
999 _c9239
_d9239